000 00929nam a2200253Ia 4500
003 OSt
005 20260701160413.0
008 210719s2012 xx 000 0 und d
040 _cAL
041 _aeng
082 _a305.4 STAA
100 _aST ALOYSIUS COLLEGE
_9266104
245 _aAloysia
_b: Joy and celberation of 25 years of womens presence
260 _aMangalore
_bSt Aloysisus College
_c2012
300 _a110
_bPB
365 _cRs
520 _aA commemorative souvenir consisting of invited articles, reports and impressions to celebrate the joy and togetherness of twenty five years (1986-87 to 2011-12) of the presence of women at St Aloysius College.
650 _aSociology
_9266105
650 _aWomen Studies
_9266106
700 _aNorbert Lobo
_9266107
710 _aRose Veera Dsouza
_9266108
906 _a25 ; Aloysia ; and ; celberation ; Joy ; of ; presence ; womens ; years
942 _2ddc
_cBK
999 _c215420
_d215420